| 000 | 00000nam##2200000za#4500 |
| 001 | 9.681624 |
| 003 | CaOODSP |
| 005 | 20200330071441 |
| 007 | ta |
| 008 | 150407|2000||||xxc||||| f|0| 0 fre|d |
| 020 | |a0-662-86237-6 |
| 040 | |aCaOODSP|bfre |
| 043 | |an-cn--- |
| 086 | 1 |aE2-219/2000F |
| 110 | 1 |aCanada.|bAffaires étrangères et Commerce international. |bCentre canadien pour le développement de la politique étrangère. |
| 245 | 10|aRapport de la table ronde: l'OTAN et les armes nucléaires / |cpar Marketa Geislerova. |
| 260 | |aOttawa - Ontario : |bAffaires étrangères et Commerce international. |c2000. |
| 300 | |a15p. en pagination multiple ; |c28 cm. |
| 563 | |aCouverture souple |
| 590 | |a02-33|b2002-08-16 |
| 691 | 07|aArme offensive|2gcpds |
| 691 | 07|aOrganisme international|2gcpds |
| 691 | 07|aRéunion|2gcpds |
| 720 | 1 |aGeislerova, Marketa |
| 775 | 08|tNATO-Nuclear Weapons Roundtable report |w(CaOODSP)9.648076 |
| 776 | 0#|tRapport de la table ronde: l'OTAN et les armes nucléaires / |w(CaOODSP)9.630733 |